000 07183nam0a22005291 4500
001 RU\NLR\BIBL_A\011904411
005 20260408065646.0
035 _a(NLR Aleph) 011904411
090 _a10900772
_c10900772
100 _a20181228j1821 |||y0rusy50 ca
101 0 _arus
102 _aRU
105 _ay n 000yy
200 1 _aУказ его императорскаго величества самодержца всероссийскаго,
_e[О признании датскими вице-консулами Александра Мантовани в Одессе, Балтазара Драшковича в Таганроге, Авг. Аморетти в Феодосии и И.К. Фабеня агентом и экспедитором Испанского генерального консульства в Кронштадте]
_fиз Правительствующаго Сената
210 _a[Б. м.
_dиюль 1821]
215 _a[2] с.
_d
300 _aСенат. указ от 28 июля 1821 г.
300 _aНапеч. на одной стороне листа.
300 _aВ левом нижнем углу: По 1му департаменту. О признавании датскими вице-консулами Александра Мантовани в Одессе, Балтазара Драшковича в Таганроге, Авг. Аморетти в Феодосии и И.К. Фабеня агентом и экспедитором гиспанскаго генеральнаго консульства в Кронштате.
300 _aНазв. указа дано по "Реэстру..."
300 _aВ конце текста дата: Июля дня 1821 года
300 _aТекст начинается словами: По указу его императорскаго величества Правительтсвующий Сенат слушали два доношения государственной Коллегии иностранных дел, коими в следствие выписок из журналов Комитета гг. министров 1го от 1 марта и 17 мая и 2го от 22 марта и 24 маия, в которых изображено: в первой. "В заседание 1 марта слушана записка управляющаго...
316 _aЭкз. РНБ (37.24.1.11-13) является частью владельч. конволюта. Припл. к: Указ его императорскаго величества самодержца всероссийскаго,: [о рассылке высочайше утвержденного 16 мая 1821 г. Штата Одесскаго градоначальства] / из Правительствующаго Сената. - [Б. м., июль 1821]. В правом верхнем углу на с. [1] рукоп. помета: 107.
_5NLR: 37.24.1.11-13
316 _aЭкз. РНБ (18.89.1.1-8-19) является частью владельч. конволюта. Приплетено к: Указ его императорскаго величества самодержца всероссийскаго,: [О рассылке высочайше утвержденного штата одесского градоначальства] / из Правительствующаго Сената. - [Б.м., июль 1821].
_5NLR: 18.89.1.1-8-19
482 0 _1RU\NLR\BIBL_A\011902550
_12001#$aУказ его императорскаго величества самодержца всероссийскаго,$e[о рассылке высочайше утвержденного 16 мая 1821 г. Штата Одесскаго градоначальства]$fиз Правительствующаго Сената
_1210##$a[Б. м.$dиюль 1821]
_tУказ его императорскаго величества самодержца всероссийскаго,
517 1 _aО признании датскими вице-консулами Александра Мантовани в Одессе, Балтазара Драшковича в Таганроге, Авг. Аморетти в Феодосии и И.К. Фабеня агентом и экспедитором испанского генерального консульства в Кронштадте
517 1 _aО признавании датскими вице-консулами Александра Мантовани в Одессе, Балтазара Драшковича в Таганроге, Авг. Аморетти в Феодосии и И.К. Фабеня агентом и экспедитором гиспанскаго генеральнаго консульства в Кронштате.
517 1 _aПо указу его императорскаго величества Правительтсвующий Сенат слушали два доношения государственной Коллегии иностранных дел, коими в следствие выписок из журналов Комитета гг. министров 1го от 1 марта и 17 мая и 2го от 22 марта и 24 маия, в которых изображено: в первой. "В заседание 1 марта слушана записка управляющаго...
518 1 _aУказ его императорского величества самодержца всероссийского,
518 1 _aПо указу его императорского величества Правительтсвующий Сенат слушали два доношения государственной Коллегии иностранных дел, коими в следствие выписок из журналов Комитета гг. министров 1го от 1 марта и 17 мая и 2го от 22 марта и 24 мая, в которых изображено: в первой. "В заседание 1 марта слушана записка управляющего...
606 1 _aЗаконодательство
_yРоссия
_z1801 - 1825
_92280395
_3RU\NLR\AUTH\6601594564
686 _aХ2(2)47-3
702 0 _4720
_7ca
_8rus
_aАлександр
_cимператор российский
_dI
_f1777-1825
_9115306
_3RU\NLR\AUTH\775342
702 1 _4570
_7ca
_8rus
_aМантовани
_bА.
_gАлександр
_9199127
_3RU\NLR\AUTH\770199178
702 1 _4570
_7ca
_8rus
_aДрашкович
_bБ. А.
_gБалтазар Андреевич
_9199128
_3RU\NLR\AUTH\770199179
702 1 _4570
_7ca
_8rus
_aАморетти
_bА.
_gАвг.
_9199129
_3RU\NLR\AUTH\770199180
702 1 _7ca
_8rus
_aФабен
_bИ. К.
_9199130
_3RU\NLR\AUTH\770199181
710 0 1 _4720
_aРоссия
_bИмператор
_c1801-1825; Александр I
_9584940
_3RU\NLR\AUTH\8810042745
711 0 1 _4720
_aРоссия
_bСенат
_9392688
_3RU\NLR\AUTH\889948534
852 _aNLR
_j37.24.1.11-13
852 _aNLR
_j18.89.1.1-8-19
942 _cBOOK
980 _aNB
980 _aA1XVIIIv
980 _aA1UKAZ